000 00324nam a2200121Ia 4500
008 250110s9999 xx 000 0 und d
041 _aeng
100 _aJain Sneha
245 _aResidential School In Latur
260 _bFinal Year B. Arch, BNCA
_c2012
300 _a125p
700 _aGuide Name:Sahstrabuddhe Swati
_9209994
999 _c363187
_d363187